La gerencia operativa (Registro nro. 2681)

Detalles MARC
000 -LEADER
fixed length control field 00669 a2200205 4500
001 - CONTROL NUMBER
control field 36858
005 - DATE AND TIME OF LATEST TRANSACTION
control field 20260407155640.0
008 - FIXED-LENGTH DATA ELEMENTS--GENERAL INFORMATION
fixed length control field 260407a arg spa d
003 - CONTROL NUMBER IDENTIFIER
control field AR-UNSa-BCEJYS
040 ## - CATALOGING SOURCE
Original cataloging agency AR-UNSa-BCEJYS
Language of cataloging spa
Transcribing agency AR-UNSa-BCEJYS
080 ## - UNIVERSAL DECIMAL CLASSIFICATION NUMBER
Universal Decimal Classification number 658.5
Common auxiliary subdivision Planificación y control de la producción<br/>
100 1# - MAIN ENTRY--PERSONAL NAME
Personal name Muth, John F.
245 10 - TITLE STATEMENT
Title La gerencia operativa
264 #1 - PRODUCTION, PUBLICATION, DISTRIBUTION, MANUFACTURE, AND COPYRIGHT NOTICE
Place of production, publication, distribution, manufacture Buenos Aires :
Name of producer, publisher, distributor, manufacturer El Ateneo
300 ## - PHYSICAL DESCRIPTION
Extent 3 v.
Dimensions 20 cm.
505 ## - FORMATTED CONTENTS NOTE
Formatted contents note Vol. I: Modelos de decisión -- Vol. II: Sistemas de producción -- Vol. III: Planeamiento y control de producción
590 ## - LOCAL NOTE (RLIN)
Local note niveau_biblio:m niveau_hierar:0
700 1# - ADDED ENTRY--PERSONAL NAME
Personal name Groff, Gene K.
942 ## - ADDED ENTRY ELEMENTS (KOHA)
Koha item type

No hay ítems disponibles.